Every Strictly Come Dancing Professional Dancer - Statistics

General Stats
  • This quiz has been taken 560 times
    506 since last reset
  • The average score is 90 of 193
Answer Stats
Hint Answer % Correct
| Series 14 Anton Du Beke
86%
Brendan Cole
80%
Kevin Clifton
79%
Karen Clifton
75%
| Series 13 Ola Jordan
68%
James Jordan
66%
Joanne Clifton
61%
Janette Manrara
55%
Katya Jones
53%
Oti Mabuse
53%
Erin Boag
50%
Giovanni Pernice
47%
| Series 9 Vincent Simone
47%
Ian Waite
46%
Neil Jones
46%
| Series 11 | Series 12 Aliona Vilani
45%
Pasha Kovalev
43%
Darren Bennett
42%
AJ Pritchard
41%
Gorka Marquez
41%
| Series 6 Flavia Cacace
40%
| Series 5 Karen Hardy
40%
Natalie Lowe
40%
| Series 3 | Series 7 Matthew Cutler
39%
Camilla Dallerup
38%
Aljaz Skorjanec
36%
Robin Windsor
30%
Lilia Kopylova
28%
| Series 4 Nicole Cutler
26%
| Series 8 Kristina Rihanoff
25%
Artem Chigvintsev
22%
Chloe Hewitt
19%
Trent Whiddon
17%
Gleb Savchenko
15%
Brian Fortuna
14%
Oksana Platero
14%
Paul Killick
14%
Series 1 Kylie Jones
13%
Series 2 Hazel Newberry
11%
| Series 10 Iveta Lukosiute
11%
Katya Virshilas
11%
Tristan MacManus
11%
Hayley Holt
10%
John Byrnes
10%
Anya Garnis
8%
Jared Murillo
8%
Andrew Cuerden
7%
Hanna Haarala
7%
Hannah Karttunen
7%
Izabela Hannah
7%
No matching quizzes found
Score Distribution
Percent of People with Each Score
Percentile by Number Answered
Your Score History
You have not taken this quiz since the last reset